01200nam a2200277Ia 4500001001200000003000800012006001900020007001500039008004100054020001800095040002100113035002100134050002500155110003700180245012500217260005200342300002700394490006600421533015200487650004100639650005300680655002900733710001700762856012600779999001700905ebr10257263CaPaEBRm u cr cn|||||||||090127s2008 dcuc s 000 0ceng d z9780309126397 aCaPaEBRcCaPaEBR a(OCoLC)60530265414aTA139b.N3412 2008eb2 aNational Academy of Engineering.10aMemorial tributes.nVolume 12h[electronic resource] /cNational Academy of Engineering of the United States of America. aWashington :bNational Academies Press,cc2008. axiii, 360 p. :bports.0 aMemorial tributes / National Academy of Engineering. ;vv. 12 aElectronic reproduction.bPalo Alto, Calif. :cebrary,d2013.nAvailable via World Wide Web.nAccess may be limited to ebrary affiliated libraries. 0aEngineerszUnited StatesvBiography. 0aEngineering personnelzUnited StatesvBiography. 7aElectronic books.2local2 aebrary, Inc.40uhttp://site.ebrary.com/lib/rucke/Doc?id=10257263zAn electronic book accessible through the World Wide Web; click to view c13563d13563